Statistics for Google AutoComplete by Starting Letter: Living in... ?

Click here to take the quiz!

General Stats

  • This quiz has been taken 32 times
  • The average score is 10 of 26

Answer Stats

LETTERANSWER% Correct
Nnew york
86%
Aamerica
79%
Ccanada
72%
Jjapan
69%
Qqatar
69%
Llondon
62%
Iireland
52%
Wwashington dc
52%
Fflorida
48%
Ggermany
48%
Hhawaii
45%
Sseattle
38%
Kkuwait
31%
Uutah
28%
Oorlando
24%
Xxiamen
21%
Zzurich
21%
Ddubai
17%
Eecuador
17%
Mmiami
17%
Pportland
17%
Tthailand
17%
Vvancouver
17%
Yyellow
14%
Rraleigh nc
7%
Bbelize
0%

Score Distribution

Percentile by Number Answered

Percent of People with Each Score

Your Score History

You have not taken this quiz